Kỹ năng dạy học tự học trong đào tạo theo tín chỉ đại học

में बचाया:
ग्रंथसूची विवरण
मुख्य लेखक: Lê, Thị Ngọc Thúy
स्वरूप: पुस्तक
भाषा:Undetermined
विषय:
ऑनलाइन पहुंच:http://lrc.tdmu.edu.vn/opac/search/detail.asp?aID=2&ID=21948
टैग : टैग जोड़ें
कोई टैग नहीं, इस रिकॉर्ड को टैग करने वाले पहले व्यक्ति बनें!
Thư viện lưu trữ: Trung tâm Học liệu Trường Đại học Thủ Dầu Một
LEADER 00649nam a2200145Ia 4500
001 TDMU_21948
008 210410s9999 xx 000 0 und d
082 |a 378.17 
100 |a Lê, Thị Ngọc Thúy 
245 0 |a Kỹ năng dạy học tự học trong đào tạo theo tín chỉ đại học 
245 0 |c Lê Thị Ngọc Thúy 
300 |a Tr.45-48 
650 |a Giáo dục đại học  |x Phương pháp giảng dạy và học tập; Kỹ năng; Dạy học tự học; Tín chỉ 
856 |u http://lrc.tdmu.edu.vn/opac/search/detail.asp?aID=2&ID=21948 
980 |a Trung tâm Học liệu Trường Đại học Thủ Dầu Một